The watches of the night / (Record no. 6440)
[ view plain ]
| 000 -LEADER | |
|---|---|
| fixed length control field | 00589cam a2200193 i 4500 |
| 005 - DATE AND TIME OF LATEST TRANSACTION | |
| control field | 20250901165609.0 |
| 008 - FIXED-LENGTH DATA ELEMENTS--GENERAL INFORMATION | |
| fixed length control field | 760426s1976 mau 000 0 eng |
| 010 ## - LIBRARY OF CONGRESS CONTROL NUMBER | |
| LC control number | 76015579 |
| 020 ## - INTERNATIONAL STANDARD BOOK NUMBER | |
| International Standard Book Number | 0316132187 |
| 050 00 - LIBRARY OF CONGRESS CALL NUMBER | |
| Classification number | HC107.K4 .C33 1976 |
| Item number | C33 |
| 082 00 - DEWEY DECIMAL CLASSIFICATION NUMBER | |
| Classification number | 309.1/769/1 |
| 100 1# - MAIN ENTRY--PERSONAL NAME | |
| Personal name | Caudill, Harry M., |
| Dates associated with a name | 1922-1990. |
| 245 14 - TITLE STATEMENT | |
| Title | The watches of the night / |
| Statement of responsibility, etc. | by Harry M. Caudill. |
| 250 ## - EDITION STATEMENT | |
| Edition statement | 1st ed. |
| 260 ## - PUBLICATION, DISTRIBUTION, ETC. | |
| Place of publication, distribution, etc. | Boston : |
| Name of publisher, distributor, etc. | Little, Brown, |
| Date of publication, distribution, etc. | c1976. |
| 300 ## - PHYSICAL DESCRIPTION | |
| Extent | 275 p. ; |
| Dimensions | 22 cm. |
| 500 ## - GENERAL NOTE | |
| General note | "An Atlantic Monthly Press book." |
| 942 ## - ADDED ENTRY ELEMENTS (KOHA) | |
| Source of classification or shelving scheme | Library of Congress Classification |
| Classification part | HC107.K4 .C33 1976 |
| Withdrawn status | Lost status | Source of classification or shelving scheme | Damaged status | Not for loan | Home library | Current library | Shelving location | Date acquired | Total checkouts | Full call number | Barcode | Date last seen | Price effective from | Koha item type |
|---|---|---|---|---|---|---|---|---|---|---|---|---|---|---|
| Library of Congress Classification | Main Library | Main Library | 02/07/2024 | HC107.K4 .C33 1976 | PIU0001997 | 02/07/2024 | 02/07/2024 | Books |